Interroger les savoirs expérientiels via la recherche biographique (notice n° 1592307)

détails MARC
000 -LEADER
fixed length control field 01541cam a2200169 4500500
005 - DATE AND TIME OF LATEST TRANSACTION
control field 20251228070026.0
041 ## - LANGUAGE CODE
Language code of text/sound track or separate title fre
042 ## - AUTHENTICATION CODE
Authentication code dc
100 10 - MAIN ENTRY--PERSONAL NAME
Personal name Breton, Hervé
Relator term author
245 00 - TITLE STATEMENT
Title Interroger les savoirs expérientiels via la recherche biographique
260 ## - PUBLICATION, DISTRIBUTION, ETC.
Date of publication, distribution, etc. 2017.<br/>
500 ## - GENERAL NOTE
General note 80
520 ## - SUMMARY, ETC.
Summary, etc. Les auteurs interrogent les effets à long terme de la colonisation puis de la décolonisation en Algérie à partir des impacts objectifs et subjectifs, à la fois sur les colonisés et sur les populations venues s’implanter dans les territoires conquis pour servir le dessein colonisateur. Les différents statuts politiques coloniaux dessinent la réalité subjective et sociale d’« apatrié » propre à ces exilés : pieds-noirs et harkis à la fin de la guerre d’Indépendance, puis migrants algériens depuis.
520 ## - SUMMARY, ETC.
Summary, etc. The authors question the long-term effects of colonization and decolonization in Algeria, from the objective and subjective impacts on both the colonized and the populations who came to settle on the territories conquered to serve the colonizing purpose. The various colonial political statutes draw the subjective and social reality of “statelessness” peculiar to these exiles: “pieds-noirs” and Harkis at the end of the War of Independence, then Algerian migrants since.
786 0# - DATA SOURCE ENTRY
Note Le sujet dans la cité | Actuels 6 | 1 | 2017-10-15 | p. 23-39 | 2112-7689
856 41 - ELECTRONIC LOCATION AND ACCESS
Uniform Resource Identifier <a href="https://shs.cairn.info/revue-le-sujet-dans-la-cite-2017-1-page-23?lang=fr&redirect-ssocas=7080">https://shs.cairn.info/revue-le-sujet-dans-la-cite-2017-1-page-23?lang=fr&redirect-ssocas=7080</a>

Pas d'exemplaire disponible.

PLUDOC

PLUDOC est la plateforme unique et centralisée de gestion des bibliothèques physiques et numériques de Guinée administré par le CEDUST. Elle est la plus grande base de données de ressources documentaires pour les Étudiants, Enseignants chercheurs et Chercheurs de Guinée.

Adresse

627 919 101/664 919 101

25 boulevard du commerce
Kaloum, Conakry, Guinée

Réseaux sociaux

Powered by Netsen Group @ 2025